000 01174nam a22002537a 4500
001 296
003 FISKH
005 20230317080738.0
008 230317b cb ||||| |||| 00| 0 eng d
020 _a9781407173764
040 _aFISKH
_beng
_cFISKH
_dFISKH
050 _aPZ7
082 _a428.6
100 _aWyatt, Chris
245 _aNowhere like home
_cAdapted from Knowhere to run, written by Chris 'Doc' Wyatt Illustrated by Ron Lim and Any Troy
260 _aMalaysia
_bScholastic
_c2017
300 _a32 p.
_c24 cm.
490 _3Guardians of the Galaxy
505 _aF
520 _aJoin Star-Lord on a mission to save his home from a sneaky enemy! This Marvel Adventures in Reading book is a level two reader, featuring harder vocabulary, longer and more varied sentence structure and three or four sentences per page. This book is part of a delightful series of stories for beginner readers with favorite characters like the Guardians of the Galaxy! There are four levels to the series, so there will always be one that is just right for your child's developing reading ability.
521 8 _a400
_bLexile
521 8 _aF
_bRaz-Plus
942 _2ddc
_cBK
_n0
999 _c296
_d296